01951 2200205 4500001001900000005001500019035001800034007000300052008003900055082000700094084001300101100002700114245015800141250001000299260004600309520134800355600001201703990001501715990001501730INLIS000000000995720260511102632 a0010-03260201ta260511 | | |  a53 a53 IRH r0 aIRHAM SABILAL MAHMUDIN1 aRancang Bangun Sistem Pendaftaran Siswa Baru pada Tk/Paud Ananda Berbasis Web Menggunakan Api Gateaway / IRHAM SABILAL MAHMUDIN /cIRHAM SABILAL MAHMUDIN aCet 1 aPalangka Raya :bPerpustakaan UMPR,c2026 aPerkembangan teknologi informasi mendorong penerapan sistem berbasis web dalam berbagai bidang, termasuk dalam proses pendaftaran siswa baru. Pada TK/PAUD Ananda, proses pendaftaran masih dilakukan secara manual sehingga menimbulkan berbagai kendala seperti kurang efisien, rawan kesalahan pencatatan, dan memerlukan waktu yang lama. Penelitian ini bertujuan untuk merancang dan membangun sistem pendaftaran siswa baru berbasis web menggunakan API Gateway guna meningkatkan efisiensi dan akurasi proses pendaftaran. Metode yang digunakan dalam penelitian ini meliputi pengumpulan data melalui wawancara serta pengembangan sistem menggunakan model prototype. Analisis sistem dilakukan menggunakan metode PIECES untuk mengidentifikasi permasalahan pada sistem yang berjalan. Sistem yang dikembangkan menggunakan bahasa pemrograman PHP, framework Bootstrap, dan database MySQL. Hasil dari penelitian ini adalah sebuah sistem pendaftaran siswa baru berbasis web yang mampu mempermudah proses pendaftaran secara online, meningkatkan akurasi data, serta mengurangi penggunaan kertas. Sistem ini juga memberikan kemudahan bagi pihak sekolah dalam mengelola data pendaftaran dan menyajikan informasi secara real-time kepada pengguna. Dengan demikian, sistem yang dibangun diharapkan dapat meningkatkan kualitas layanan pendaftaran pada TK/PAUD Ananda. 4aSKRIPSI a2153024442 a2153024442